000 00657nam a2200181Ia 4500
008 090630s9999 xx 000 0 und d
082 _b13666
100 _aकिर गिरीजा.
245 _aतसूभर जमीन मणभर आकाश.
_cकिर गिरीजा.
260 _bऋतुगंध - नागपूर.
_c1989
300 _a128
600 _aकिर गिरीजा.
630 _aतसूभर जमीन मणभर आकाश.
655 _aलघुकथा.
700 _aकिर गिरीजा.
730 _aतसूभर जमीन मणभर आकाश.
942 _cBOOK
999 _c265522
_d265522